MARC

LEADER 00000nam0a2200000 4500
001 253754
005 20231101232855.0
035 |a (RuTPU)RU\TPU\book\276163 
090 |a 253754 
100 |a 20140315d1966 m y0rusy50 ca 
101 0 |a rus 
102 |a RU 
105 |a af j 000zy 
200 1 |a Пособие по химии для студентов-иностранцев, обучающихся на подготовительных факультетах  |f Н. В. Агарева [и др.]  |g Московский государственный университет им. М. В. Ломоносова (МГУ), Подготовительный факультет 
210 |a Москва  |c Изд-во Московского ун-та  |d 1966 
215 |a 216 с.  |c ил. 
606 1 |a Химия  |2 stltpush  |3 (RuTPU)RU\TPU\subj\17362  |9 43035 
610 1 |a учебные пособия 
610 1 |a атомно-молекулярное учение 
610 1 |a периодический закон Менделеева 
610 1 |a периодическая система элементов 
610 1 |a химические законы 
610 1 |a неорганические вещества 
610 1 |a химические растворы 
610 1 |a электролитическая диссоциация 
610 1 |a металлы 
610 1 |a неметаллы 
675 |a 54(075.4)  |v 3 
701 1 |a Агарева  |b Н. В. 
701 1 |a Кононенко  |b Н. М. 
701 1 |a Рыбникова  |b А. А. 
701 1 |a Солуян  |b Е. А. 
712 0 2 |a Московский государственный университет им. М. В. Ломоносова (МГУ)  |b Подготовительный факультет  |2 stltpush  |3 (RuTPU)RU\TPU\col\7 
801 1 |a RU  |b 63413507  |c 20140315 
801 2 |a RU  |b 63413507  |c 20140328  |g RCR 
942 |c BK